Click Timeline: History of Exploration - Statistics

General Stats
  • This quiz has been taken 2,517 times
  • The average score is 8 of 12
Answers on the Map
Answers color-coded by a green-red scale on the quiz's map according to % correct below.
 
Answer Stats
Answer % Correct
Yuri Gagarin travels into space
90%
Christopher Columbus discovers the New World
89%
Erik the Red discovers Greenland
77%
Leif Erikson sets foot on continental America
77%
Marco Polo travels to China
75%
Hillary and Norgay reach the summit of Mt. Everest
74%
Roald Amundsen reaches the South Pole
72%
Circumnavigation of the Earth by Magellan Expedition
66%
James Cook reaches the coast of Australia
62%
Vasco da Gama reaches India
62%
Lewis and Clark reach the Pacific Ocean
61%
Abel Tasman reaches New Zealand
40%
No matching quizzes found
Score Distribution
Percent of People with Each Score
Percentile by Number Answered
Your Score History
You have not taken this quiz